• 首页
  • 本馆介绍
  • 公告通知
  • 最新文献
  • 馆藏检索
  • 电子资源
  • 读者导购
  • 参考咨询
  • 我的图书馆
  • 登录
  • 详细信息显示
  • 放入我的书架
  • 预约/预借图书
  • 作者相关作品
  • 分类相关作品
  • 丛书相关作品
  • 出版社相关作品

书目信息

  • 表格格式
  • 工作单格式
  • 卡片格式
题名:
大脑在捣鬼
    
 
作者: 博南诺 , 吴越 著
分册:  
出版信息: 北京   中国轻工业出版社  2013
页数: 19,202页
开本: 24cm
丛书名:
单 册:
中图分类: R338.2
科图分类:
主题词: 大脑--da nao--研究
电子资源:
ISBN: 978-7-5019-9409-0
000 01219nam0 22002771 450
001 1754513434
005 20170516112211.0
010    @a978-7-5019-9409-0@dCNY35.00
100    @a20130918d2013 em y0chiy50 ea
101 1  @achi@ceng
102    @aCN@b110000
105    @aa z 000yy
106    @ar
200 1  @a大脑在捣鬼@9da nao zai dao gui@e大脑“漏洞”怎样影响我们的生活@dBrain bugs@ehow the brain's flaws shape our lives@f(美)Dean Buonomano著@g吴越译@zeng
210    @a北京@c中国轻工业出版社@d2013
215    @a19,202页@c图@d24cm
300    @a万千心理
330    @a本书从人类大脑的“漏洞”所引发的现象入手,逐步引出相关的问题和问题背后的神经机制。作者娴熟地将人类的大脑中那些令人惊异的能力、瑕疵和局限向我们娓娓道来。只有充分了解这些“漏洞”,我们才能做出最好的精金、政治、婚姻等会对我们生活产生重大影响的决策。
510 1  @aBrain bugs@ehow the brain's flaws shape our lives@zeng
517 1  @a大脑“漏洞”怎样影响我们的生活@9da nao lou dong zen yang ying xiang wo men de sheng huo
606 0  @a大脑@9da nao@x研究
690    @aR338.2@v5
701  0 @c(美)@a博南诺@9bo nan nuo@c(Buonomano, Dea)@4著
701  0 @a吴越@9wu yue@4译
801  0 @aCN@b百万庄@c20170513
905    @b1005870-5@dR338.2@e274@f6
    
    大脑在捣鬼:大脑“漏洞”怎样影响我们的生活=Brain bugs:how the brain's flaws shape our lives/(美)Dean Buonomano著/吴越译.-北京:中国轻工业出版社,2013
    19,202页:图;24cm
    万千心理
    
    ISBN 978-7-5019-9409-0:CNY35.00
    本书从人类大脑的“漏洞”所引发的现象入手,逐步引出相关的问题和问题背后的神经机制。作者娴熟地将人类的大脑中那些令人惊异的能力、瑕疵和局限向我们娓娓道来。只有充分了解这些“漏洞”,我们才能做出最好的精金、政治、婚姻等会对我们生活产生重大影响的决策。
●
相关链接 在E读中查询图书 在五车中查询图书 在当当中查询图书 在豆瓣中查询图书


正题名:大脑在捣鬼     索取号:R338.2/274         预约/预借

序号 登录号 条形码 馆藏地/架位号 状态 备注
1 1005870   210058701   第二样本阅览室/ [索取号:R338.2/274] 在馆    
2 1005871   210058710   教育系资料室/ [索取号:R338.2/274] 在馆    
3 1005872   210058729   教育系资料室/ [索取号:R338.2/274] 在馆    
4 1005873   210058738   教育系资料室/ [索取号:R338.2/274] 在馆    
5 1005874   210058747   第三借阅区/ [索取号:R338.2/274] 在馆    
6 1005875   210058756   第三借阅区/ [索取号:R338.2/274] 在馆    
唐山师范学院图书馆 欢迎您!
大连网信软件有限公司© 版权所有